[Event "It (open)"]
[Site "masterchessopen.com Aarhus (Denmark)"]
[Round "3"]
[White "Cole Roland (ENG)"]
[Black "Jensen Jacob Bjerre (DEN)"]
[Result "1-0"]
[WhiteElo "2245"]
[BlackElo "2205"]

1.d4 d5 2.c4 c6 3.Nc3 Nf6 4.Nf3 e6 5.Bg5 dxc4 6.e4 b5 7.e5 h6 8.Bh4 g5 9.exf6
gxh4 10.Ne5 Qc7 11.Be2 Bb4 12.Bh5 Rf8 13.Qg4 Kd8 14.Qg7 Ba6 15.a3 Bxc3+
16.bxc3 Nd7 17.Bxf7 Qd6 18.Ng6 Kc7 19.Nxf8 Rxf8 20.O-O Bb7 21.Rfe1 {#r} 1-0

[Event "Ch Iceland"]
[Site "masterchessopen.com Akureyri (Iceland)"]
[Round "3"]
[White "Thorfinnsson Bragi (ISL)"]
[Black "Thorsteinsson Arnar (ISL)"]
[Result "0-1"]
[WhiteElo "2215"]
[BlackElo "2285"]

1.d4 d5 2.c4 e6 3.Nc3 c6 4.Nf3 Nf6 5.Bg5 dxc4 6.e4 b5 7.e5 h6 8.Bh4 g5 9.Nxg5
Nd5 10.Nxf7 Qxh4 11.Nxh8 Bb4 12.Qd2 c5 13.dxc5 Nd7 14.Be2 Nxe5 15.O-O Bb7
16.a3 Bxc5 17.Nxd5 Bxd5 18.Kh1 O-O-O 19.Qa5 Rxh8 20.Qa6+ Kc7 21.Qxb5 Bb6 22.f3
Nc6 23.Qa4 Nd4 24.Bxc4 Nf5 {#R} 0-1

[Event "Ch Aragon (team)"]
[Site "masterchessopen.com Aragon (Spain)"]
[Round "0"]
[White "Castillo Martinez Alberto (ESP)"]
[Black "Fenollar Jorda Manuel (ESP)"]
[Result "0-1"]
[WhiteElo "2097"]
[BlackElo "2352"]

1.d4 d5 2.c4 c6 3.Nc3 Nf6 4.Nf3 e6 5.Bg5 dxc4 6.e3 b5 7.a4 Bb4 8.Be2 Bb7 9.O-O
Bxc3 10.bxc3 Nbd7 11.Qc2 O-O 12.e4 h6 13.Bh4 Qc8 14.Nd2 a6 15.f4 c5 16.f5 cxd4
17.fxe6 d3 18.exd7 Qc5+ 19.Bf2 Qxf2+ 20.Rxf2 dxc2 21.Bf3 Nxd7 22.e5 Bxf3
23.Nxf3 Nc5 24.axb5 axb5 25.Rxa8 Rxa8 26.Rxc2 Ne4 {#R} 0-1

[Event "Ch Paraguay"]
[Site "masterchessopen.com Asuncion (Paraguay)"]
[Round "5"]
[White "Cabral Guillermo (PAR)"]
[Black "Riline Alejandro (PAR)"]
[Result "0-1"]
[WhiteElo "2010"]
[BlackElo "2189"]

1.d4 d5 2.c4 c6 3.Nc3 Nf6 4.Nf3 e6 5.Bg5 dxc4 6.e3 b5 7.a4 Bb4 8.Ne5 Bb7 9.Qf3
Qd5 10.Be2 Qxf3 11.Bxf3 Nd5 12.Bxd5 exd5 13.O-O Bxc3 14.bxc3 f6 15.Bxf6 gxf6
16.Ng4 Nd7 17.Rfe1 h5 {#R} 0-1

[Event "It (open)"]
[Site "masterchessopen.com Chemnitz (Germany)"]
[Round "1"]
[White "Skodzek Andreas (GER)"]
[Black "Riemersma Liafbern (NED)"]
[Result "1-0"]
[WhiteElo "2188"]
[BlackElo "2455"]

1.d4 d5 2.Nf3 Nf6 3.c4 c6 4.Nc3 e6 5.Bg5 dxc4 6.a4 Bb4 7.e4 Bxc3+ 8.bxc3 Qa5
9.e5 Ne4 10.Bd2 Qd5 11.Be2 O-O 12.O-O c5 13.Re1 Nc6 14.Bxc4 Qxc4 15.Rxe4 Qd3
16.Rg4 g6 17.Qc1 f5 18.exf6 cxd4 19.Nxd4 e5 20.Nxc6 Bxg4 21.Nxe5 Qe4 22.f7+
Kh8 23.c4 h5 24.Qc3 Kh7 25.f3 Bxf3 26.Nxf3 {#r} 1-0

[Event "It (cat.8)"]
[Site "masterchessopen.com Cherepovets (Russia)"]
[Round "8"]
[White "Ditiatev Sergey (RUS)"]
[Black "Zhuravlev Vladimir (RUS)"]
[Result "0-1"]
[WhiteElo "2465"]
[BlackElo "2330"]

1.d4 d5 2.c4 c6 3.Nf3 Nf6 4.Nc3 e6 5.Bg5 dxc4 6.e3 b5 7.a4 Bb4 8.Ne5 Bb7 9.Be2
Nbd7 10.O-O a6 11.Ne4 Be7 12.Nxd7 Qxd7 13.Nxf6+ gxf6 14.Bf4 c5 15.dxc5 Bxc5
16.Qxd7+ Kxd7 17.axb5 axb5 18.b3 e5 19.Bh6 Rhg8 20.Rxa8 Rxg2+ {#R} 0-1

[Event "It (open)"]
[Site "masterchessopen.com Creon (France)"]
[Round "0"]
[White "Gilbert Christophe (FRA)"]
[Black "Pagnoncelli Herve (FRA)"]
[Result "0-1"]
[WhiteElo "2090"]
[BlackElo "1861"]

1.d4 d5 2.c4 e6 3.Nc3 Nf6 4.Bg5 c6 5.Nf3 dxc4 6.a4 Bb4 7.e3 b5 8.Ne5 Qa5
9.Bxf6 Bxc3+ 10.bxc3 Qxc3+ 11.Ke2 gxf6 12.Nf3 Qb2+ 13.Ke1 Qc3+ 14.Nd2 Nd7
15.Rc1 Qa5 16.axb5 cxb5 17.Qh5 f5 {#R} 0-1

[Event "Ch BEM (NRW)"]
[Site "masterchessopen.com Germany"]
[Round "0"]
[White "Henk Martin (GER)"]
[Black "Lupor Stefan (GER)"]
[Result "0-1"]
[WhiteElo "2065"]
[BlackElo "2280"]

1.d4 d5 2.c4 e6 3.Nf3 c6 4.Nc3 Nf6 5.Bg5 dxc4 6.e4 b5 7.e5 h6 8.Bh4 g5 9.Nxg5
hxg5 10.Bxg5 Nbd7 11.exf6 Bb7 12.g3 c5 13.d5 Nxf6 14.Bg2 Be7 15.O-O Nxd5
16.Bxe7 Kxe7 17.Nxb5 Qb6 18.Na3 Rh4 19.Qc1 Nf4 20.Re1 Bxg2 21.gxh4 Qc7 22.Qe3
Rg8 23.Qg3 Qc6 24.f3 Rxg3 25.hxg3 Qxf3 {#R} 0-1

[Event "Oberliga East 1997/98"]
[Site "masterchessopen.com Germany"]
[Round "3"]
[White "Gebhardt Ulrich (GER)"]
[Black "Balzar Andreas (GER)"]
[Result "0-1"]
[WhiteElo "2225"]
[BlackElo "2315"]

1.d4 d5 2.c4 c6 3.Nf3 Nf6 4.Nc3 e6 5.Bg5 dxc4 6.e4 b5 7.e5 h6 8.Bh4 g5 9.exf6
gxh4 10.Ne5 Qxf6 11.a4 h3 12.Be2 hxg2 13.Rg1 b4 14.Ne4 Qf4 15.Bf3 Nd7 16.Nxc6
Bb7 17.d5 Bxc6 18.dxc6 Ne5 19.Bxg2 Rg8 20.Kf1 Rxg2 21.Rxg2 Qxe4 22.Rg8 Qd3+
23.Qxd3 Nxd3 24.b3 c3 25.Ke2 Nc5 26.c7 Rc8 {#R} 0-1

[Event "It (open)"]
[Site "masterchessopen.com Liechtenstein"]
[Round "8"]
[White "Khenkin Igor (GER)"]
[Black "Pedersen Steffen (DEN)"]
[Result "0-1"]
[WhiteElo "2550"]
[BlackElo "2435"]

1.d4 d5 2.c4 c6 3.Nf3 Nf6 4.Nc3 e6 5.Bg5 dxc4 6.e4 b5 7.e5 h6 8.Bh4 g5 9.Nxg5
hxg5 10.Bxg5 Nbd7 11.g3 Qa5 12.exf6 Ba6 13.Qf3 b4 14.Ne4 Qd5 15.Be3 c5 16.Rd1
O-O-O 17.b3 Nxf6 18.Ng5 Qxf3 19.Nxf3 Bb7 20.Bg2 c3 21.Bg5 Bg7 22.dxc5 Rxd1+
23.Kxd1 Ng4 24.Ke1 c2 25.h3 Rd8 {#R} 0-1

[Event "It (open)"]
[Site "masterchessopen.com Ostrava (Czech Republic)"]
[Round "0"]
[White "Potomak Vladimir (CZE)"]
[Black "Rehak Pavel (CZE)"]
[Result "1-0"]
[WhiteElo "2216"]
[BlackElo "2180"]

1.c4 Nf6 2.d4 e6 3.Nf3 d5 4.Nc3 c6 5.Bg5 dxc4 6.e4 b5 7.e5 h6 8.Bh4 g5 9.Nxg5
hxg5 10.Bxg5 Nbd7 11.exf6 Bb7 12.g3 Qb6 13.Bg2 Bh6 14.Bxh6 Rxh6 15.Qd2 Rxf6
16.Ne4 Rg6 17.Nd6+ Kf8 18.Nxb7 Qxb7 19.b3 cxb3 20.axb3 Qb6 21.O-O Rg4 22.Rfd1
Rd8 23.Bf3 Rg6 24.Qa5 {#r} 1-0

[Event "Ch Hungary (juniors) (under 20)"]
[Site "masterchessopen.com Paks (Hungary)"]
[Round "2"]
[White "Sipos Janos (HUN)"]
[Black "Schlusnik Nandor (HUN)"]
[Result "0-1"]
[WhiteElo "2259"]
[BlackElo "2265"]

1.d4 e6 2.c4 d5 3.Nf3 c6 4.Nc3 Nf6 5.Bg5 dxc4 6.a4 b5 7.e4 Qb6 8.axb5 cxb5
9.Bxf6 gxf6 10.Be2 a6 11.O-O Bg7 12.b3 cxb3 13.Qxb3 Qb7 14.Rfc1 O-O 15.Rc2 Nd7
16.d5 Nb6 17.Rd1 e5 18.Na2 Bd7 19.Nb4 Rfc8 20.Rxc8+ Rxc8 21.Qa3 Na4 22.Nd3 Bf8
23.Qa1 Nc3 24.Rd2 Nxe4 25.Rd1 Nc3 26.Rd2 e4 {#R} 0-1

[Event "It (open)"]
[Site "masterchessopen.com Regensburg (Germany)"]
[Round "3"]
[White "Loos Roland (GER)"]
[Black "Wells Peter K (ENG)"]
[Result "0-1"]
[WhiteElo "2313"]
[BlackElo "2530"]

1.d4 Nf6 2.Nf3 d5 3.c4 e6 4.Nc3 c6 5.Bg5 dxc4 6.e4 b5 7.e5 h6 8.Bh4 g5 9.Nxg5
hxg5 10.Bxg5 Nbd7 11.exf6 Qa5 12.Be2 Bb7 13.O-O O-O-O 14.Qc2 Qc7 15.h3 Bh6
16.f4 Bxg5 17.fxg5 Rxh3 18.Ne4 Qh2+ 19.Kf2 c5 20.Rfd1 Qf4+ 21.Bf3 Rxf3+ {#R}
0-1

[Event "It (open)"]
[Site "masterchessopen.com Sao Paulo (Brazil)"]
[Round "1"]
[White "Vescovi Giovanni (BRA)"]
[Black "Rodrigues Luis (POR)"]
[Result "1-0"]
[WhiteElo "2480"]
[BlackElo "2214"]

1.d4 d5 2.c4 c6 3.Nf3 Nf6 4.Nc3 e6 5.Bg5 dxc4 6.e4 b5 7.e5 h6 8.Bh4 g5 9.exf6
gxh4 10.Ne5 Qxf6 11.a4 b4 12.Ne4 Qf4 13.f3 Nd7 14.Nxc4 a5 15.Be2 Be7 16.Kf2
Bb7 17.Ncd6+ Bxd6 18.g3 hxg3+ 19.hxg3 Qxe4 20.fxe4 c5 21.e5 Nxe5 22.dxe5 Bxe5
23.Bf3 Bd4+ 24.Kg2 {#r} 1-0

[Event "It (open)"]
[Site "masterchessopen.com St. Cugat (Spain)"]
[Round "3"]
[White "Rull Perez Oscar (ESP)"]
[Black "Gomila Pons Alvaro (ESP)"]
[Result "1-0"]
[WhiteElo "2240"]
[BlackElo "1927"]

1.d4 d5 2.c4 c6 3.Nf3 Nf6 4.Nc3 e6 5.Bg5 dxc4 6.a4 Bb4 7.e4 Qa5 8.Bd2 Nbd7
9.Bxc4 O-O 10.O-O e5 11.dxe5 Nxe5 12.Nxe5 Qxe5 13.Qc2 Ng4 14.g3 Qh5 15.h4 Ne5
16.Be2 Bg4 17.Bd1 Rad8 18.Be3 Nf3+ 19.Kg2 Bxc3 20.bxc3 Rxd1 21.Rfxd1 Ne5
22.Rg1 Bf3+ 23.Kf1 Qg4 24.Bf4 Bxe4 {#r} 1-0

[Event "Ch Europe (juniors) (under 14)"]
[Site "masterchessopen.com Tallinn (Estonia)"]
[Round "1"]
[White "Svoboda Svatopluk (CZE)"]
[Black "Zivanic Marko (SRB)"]
[Result "0-1"]
[WhiteElo "2285"]
[BlackElo "2250"]

1.d4 d5 2.c4 c6 3.Nc3 Nf6 4.Nf3 e6 5.Bg5 dxc4 6.e4 b5 7.e5 h6 8.Bh4 g5 9.Nxg5
hxg5 10.Bxg5 Nbd7 11.exf6 Qb6 12.g3 Bb7 13.Bg2 O-O-O 14.O-O Ne5 15.Be3 Nd3
16.b3 c5 17.dxc5 Bxg2 {#R} 0-1

[Event "It"]
[Site "masterchessopen.com Volgograd (Russia)"]
[Round "1"]
[White "Shtyrenkov Veniamen (RUS)"]
[Black "Fedorkov Vladislav (RUS)"]
[Result "1-0"]
[WhiteElo "2460"]
[BlackElo "2254"]

1.d4 d5 2.c4 c6 3.Nf3 Nf6 4.Nc3 e6 5.Bg5 dxc4 6.a4 Nbd7 7.e4 Qa5 8.Bd2 Bb4
9.Bxc4 O-O 10.O-O Rd8 11.e5 Nd5 12.Nxd5 cxd5 13.Bd3 h6 14.Rc1 Bxd2 15.Nxd2 Nb6
16.b3 Bd7 17.Rc5 Qb4 18.Nf3 Bc6 19.Bb1 Nd7 20.Rc1 Rac8 21.Qd3 Nf8 22.Qc3 Qa3
23.Qe3 Qb4 24.Rc3 b5 25.Rfc1 Bd7 {#r} 1-0

[Event "It (open)"]
[Site "masterchessopen.com Vsetin (Czech Republic)"]
[Round "0"]
[White "Svoboda Rostislav (CZE)"]
[Black "Jasny Stanislav (CZE)"]
[Result "0-1"]
[WhiteElo "2008"]
[BlackElo "1858"]

1.d4 d5 2.Nf3 c6 3.c4 e6 4.Nc3 Nf6 5.Bg5 dxc4 6.e4 b5 7.e5 h6 8.exf6 hxg5
9.fxg7 Bxg7 10.Ne5 Bb7 11.Ne4 Qd5 12.Nc3 Qd6 13.Ne4 Qb4+ 14.Qd2 Qxd2+ 15.Kxd2
Rh4 16.Ke3 Rxe4+ 17.Kxe4 c5+ 18.Ke3 cxd4+ 19.Kxd4 Nc6+ 20.Kc5 Bxe5 21.Kxb5
Bxb2 22.Rb1 Bc3 23.Ka4 {#R} 0-1

[Event "It (open) \"]
[Site "masterchessopen.com Zaragoza (Spain)"]
[Round "7"]
[White "Garza Marco Sergio (ESP)"]
[Black "Sebastian Lorente Maria Pilar (ESP)"]
[Result "1-0"]
[WhiteElo "2210"]
[BlackElo "2053"]

1.d4 d5 2.Nf3 c6 3.c4 e6 4.Nc3 Nf6 5.Bg5 dxc4 6.e4 b5 7.a4 Bb4 8.e5 h6 9.exf6
hxg5 10.fxg7 Rg8 11.h4 g4 12.Ne5 Rxg7 13.Be2 Qd5 14.Bxg4 Bxc3+ 15.bxc3 bxa4
16.Kf1 Qa5 17.Rh3 f6 18.h5 fxe5 19.h6 Rh7 20.Qc2 Qc7 21.Qg6+ {#r} 1-0

[Event "It (open) \"]
[Site "masterchessopen.com Buenos Aires (Argentina)"]
[Round "2"]
[White "Salazar Ramon (ARG)"]
[Black "Kanefsck Gustavo (ARG)"]
[Result "0-1"]
[WhiteElo "2131"]
[BlackElo "2400"]

1.d4 d5 2.c4 c6 3.Nc3 Nf6 4.Nf3 e6 5.Bg5 dxc4 6.e4 b5 7.e5 h6 8.Bh4 g5 9.Nxg5
hxg5 10.Bxg5 Nbd7 11.exf6 Bb7 12.Be2 Qb6 13.O-O O-O-O 14.Bf3 Ne5 15.Be4 Rxd4
16.Qc2 Qc7 17.Bf4 Nf3+ 18.Bxf3 Qxf4 19.h3 Rxh3 {#R} 0-1

[Event "It (open)"]
[Site "masterchessopen.com Fouesnant (France)"]
[Round "6"]
[White "Slavkov Ivan (FRA)"]
[Black "Bergez Luc (FRA)"]
[Result "0-1"]
[WhiteElo "2130"]
[BlackElo "2420"]

1.d4 d5 2.Nf3 Nf6 3.c4 e6 4.Bg5 c6 5.Nc3 dxc4 6.e4 b5 7.e5 h6 8.Bh4 g5 9.Nxg5
Nd5 10.Nxf7 Qxh4 11.Nxh8 Bb4 12.Qd2 c5 13.dxc5 Nc6 14.Be2 Nxe5 15.O-O Bb7
16.Rad1 O-O-O 17.f4 Bxc5+ 18.Kh1 Be3 19.Qe1 Nxf4 20.Bf3 Nxf3 21.gxf3 Rxd1 {#R}
0-1

[Event "Zt"]
[Site "masterchessopen.com Gauteng (South Africa)"]
[Round "2"]
[White "Agnelio Amorin (ANG)"]
[Black "Alberto Manuel (ANG)"]
[Result "1-0"]
[WhiteElo "2181"]
[BlackElo "2155"]

1.d4 d5 2.c4 e6 3.Nc3 c6 4.Nf3 Nf6 5.Bg5 dxc4 6.e4 b5 7.e5 h6 8.Bh4 g5 9.Nxg5
hxg5 10.Bxg5 Be7 11.exf6 Bxf6 12.Bxf6 Qxf6 13.g3 Na6 14.Bg2 Bb7 15.Nxb5 O-O-O
16.Qa4 Kb8 17.Nc3 Rxd4 18.O-O Nc5 19.Qa5 Nd3 20.Ne4 Qh6 21.h4 Rg8 22.Nc5 Rgd8
23.Nxb7 R8d5 24.Bxd5 exd5 25.Nc5 {#r} 1-0

[Event "Bayern Regionalliga Southeast"]
[Site "masterchessopen.com Germany"]
[Round "7"]
[White "Hustert Klaus"]
[Black "Juettner Andreas (GER)"]
[Result "0-1"]
[WhiteElo "1860"]
[BlackElo "2079"]

1.d4 d5 2.c4 c6 3.Nc3 Nf6 4.Nf3 e6 5.Bg5 dxc4 6.e4 b5 7.e5 h6 8.Bh4 g5 9.Nxg5
hxg5 10.Bxg5 Nbd7 11.Be2 Qb6 12.exf6 Bb7 13.Bf3 O-O-O 14.Qc2 Qxd4 15.Be3 Qxf6
16.a4 Ne5 17.Be4 b4 18.Nd1 Bh6 19.Rb1 Bxe3 20.Nxe3 Nd3+ 21.Kf1 Qe5 22.Bf3 Rxh2
23.Rxh2 Qxh2 24.Nxc4 b3 25.Qd1 Nf4 26.Qxd8+ Kxd8 {#R} 0-1

[Event "Verbandsliga North 1997/98"]
[Site "masterchessopen.com Germany"]
[Round "0"]
[White "Bender Stephan (GER)"]
[Black "Heinl Achim (GER)"]
[Result "1-0"]
[WhiteElo "2265"]
[BlackElo "2235"]

1.d4 d5 2.Nf3 Nf6 3.c4 c6 4.Nc3 e6 5.Bg5 dxc4 6.e4 b5 7.e5 h6 8.Bh4 g5 9.Nxg5
hxg5 10.Bxg5 Nbd7 11.g3 Qa5 12.exf6 Bb7 13.Bg2 b4 14.Ne4 O-O-O 15.Qf3 Nb6
16.Be3 c3 17.b3 Qb5 18.h4 c5 19.Nd6+ Rxd6 20.Qxb7+ Kd8 21.dxc5 {#r} 1-0

[Event "Tournament"]
[Site "masterchessopen.com Helsinki (Finland)"]
[Round "1"]
[White "Veingold Aleksandr (EST)"]
[Black "Nyback Tomi (FIN)"]
[Result "1-0"]
[WhiteElo "2485"]
[BlackElo "2627"]

1.d4 d5 2.Nf3 Nf6 3.c4 c6 4.Nc3 e6 5.Bg5 dxc4 6.e4 h6 7.Bxf6 Qxf6 8.Bxc4 Qd8
9.O-O Bd6 10.Qe2 O-O 11.e5 Be7 12.Rfd1 b5 13.Bd3 Bb7 14.Qe4 g6 15.Nxb5 Qb6
16.Nd6 Bxd6 17.exd6 Rd8 18.Qf4 Kg7 19.Ne5 Rf8 20.Qg3 {#r} 1-0

[Event "It (open)"]
[Site "masterchessopen.com Ljubljana (Slovenia)"]
[Round "5"]
[White "Soln Primoz (SLO)"]
[Black "Sveshnikov Evgeny (LAT)"]
[Result "0-1"]
[WhiteElo "2470"]
[BlackElo "2575"]

1.d4 d5 2.c4 e6 3.Nc3 c6 4.Nf3 Nf6 5.Bg5 dxc4 6.e4 b5 7.e5 h6 8.Bh4 g5 9.exf6
gxh4 10.Ne5 Qxf6 11.a4 c5 12.Nxb5 cxd4 13.Nc7+ Kd8 14.Qxd4+ Nd7 15.f4 Bb4+
16.Kd1 Kxc7 17.Qxc4+ Bc5 18.Rc1 Kd8 19.Nxd7 Bxd7 20.Qxc5 Qxb2 21.Qc3 Bxa4+
22.Ke1 Qxc3+ 23.Rxc3 Ke7 24.Rc7+ Kd6 25.Rxf7 Rhb8 26.g4 Rb2 {#R} 0-1

[Event "It (open)"]
[Site "masterchessopen.com Malaga (Spain)"]
[Round "8"]
[White "Garcia Munoz Juan J (ESP)"]
[Black "Bouzo Alvarez J A (ESP)"]
[Result "1-0"]
[WhiteElo "2223"]
[BlackElo "2199"]

1.d4 d5 2.c4 c6 3.Nc3 Nf6 4.Nf3 e6 5.Bg5 dxc4 6.e4 b5 7.e5 h6 8.Bh4 g5 9.exf6
gxh4 10.Ne5 Qxf6 11.Be2 Bb4 12.Bf3 Bb7 13.O-O Bxc3 14.bxc3 h3 15.a4 hxg2
16.Re1 Qe7 17.axb5 cxb5 18.d5 Nd7 19.Nxf7 O-O 20.dxe6 Bxf3 21.Qxf3 {#r} 1-0

[Event "Cup Russia (open)"]
[Site "masterchessopen.com Moscow (Russia)"]
[Round "3"]
[White "Mitenkov Alexey (RUS)"]
[Black "Shorin Alexey (RUS)"]
[Result "1-0"]
[WhiteElo "2425"]
[BlackElo "2065"]

1.d4 d5 2.c4 c6 3.Nf3 Nf6 4.Nc3 e6 5.Bg5 dxc4 6.e4 b5 7.e5 h6 8.Bh4 g5 9.Nxg5
hxg5 10.Bxg5 Nbd7 11.g3 Qa5 12.exf6 b4 13.Ne4 Ba6 14.Qf3 Bb5 15.Be2 O-O-O
16.O-O Nb6 17.Be3 Nd5 18.Rfc1 c3 19.bxc3 bxc3 20.Bxb5 cxb5 21.Nxc3 Nxc3 22.Bf4
{#r} 1-0

[Event "Ch Sweden (master's group)"]
[Site "masterchessopen.com Ronneby (Sweden)"]
[Round "6"]
[White "Sunehag Peter (SWE)"]
[Black "Eriksson Mats (SWE)"]
[Result "0-1"]
[WhiteElo "2189"]
[BlackElo "2260"]

1.d4 d5 2.c4 c6 3.Nf3 Nf6 4.Nc3 e6 5.Bg5 dxc4 6.e4 b5 7.a4 Qb6 8.Bxf6 gxf6
9.Be2 Bb7 10.O-O a6 11.d5 Nd7 12.dxc6 {#R} 0-1

[Event "It (open)"]
[Site "masterchessopen.com Santiago (Chile)"]
[Round "5"]
[White "Vasquez Carlos (CHI)"]
[Black "Romero Pino Claudio (CHI)"]
[Result "1-0"]
[WhiteElo "1966"]
[BlackElo "2247"]

1.d4 d5 2.c4 c6 3.Nc3 Nf6 4.Nf3 e6 5.Bg5 dxc4 6.e4 b5 7.e5 h6 8.Bh4 g5 9.Nxg5
hxg5 10.Bxg5 Nbd7 11.exf6 Bb7 12.a4 a6 13.Be2 Bh6 14.Bxh6 Rxh6 15.Bf3 Qb6
16.Ne4 Nxf6 17.Nd6+ Ke7 18.Nxb7 Qxb7 19.Qd2 Rah8 20.Qb4+ Kd7 21.axb5 axb5
22.Qc5 Ra8 23.Bxc6+ Qxc6 24.Qxc6+ {#r} 1-0

[Event "Ch Russia (juniors) (under 20)"]
[Site "masterchessopen.com Sochi (Russia)"]
[Round "3"]
[White "Kobalia Mikhail (RUS)"]
[Black "Skatchkov Pavel (RUS)"]
[Result "1-0"]
[WhiteElo "2505"]
[BlackElo "2420"]

1.c4 e6 2.d4 d5 3.Nc3 Nf6 4.Nf3 c6 5.Bg5 dxc4 6.e4 b5 7.e5 h6 8.Bh4 g5 9.exf6
gxh4 10.Ne5 Qxf6 11.g3 Nd7 12.Qe2 Nxe5 13.dxe5 Qf5 14.Bg2 Bd7 15.O-O-O Rd8
16.f4 h5 17.Ne4 Be7 18.Nd6+ Bxd6 19.Rxd6 Rg8 20.Be4 Qg4 21.Qd2 hxg3 22.hxg3 f5
23.Rxd7 Rxd7 24.Bxc6 Rg7 25.Rd1 {#r} 1-0

[Event "Ch Brazil (1/2 final)"]
[Site "masterchessopen.com Angra Dos Reis (Brazil)"]
[Round "5"]
[White "Schiavo Marcelo (BRA)"]
[Black "Teixeira Ricardo Da Silva (BRA)"]
[Result "0-1"]
[WhiteElo "2061"]
[BlackElo "2356"]

1.d4 d5 2.c4 c6 3.Nf3 Nf6 4.Nc3 e6 5.Bg5 dxc4 6.e4 b5 7.e5 h6 8.Bh4 g5 9.Nxg5
hxg5 10.Bxg5 Nbd7 11.g3 Qa5 12.exf6 Ba6 13.Bd2 b4 14.Ne4 Qd5 15.Bg2 Qxd4
16.O-O Nb6 17.Qc2 Nd5 18.Rfd1 Qe5 19.a3 b3 20.Qc1 O-O-O 21.Re1 Qh5 22.h4 Qg6
{#R} 0-1

[Event "It (open)"]
[Site "masterchessopen.com Athens (Greece)"]
[Round "5"]
[White "Mouroutis Konstantinos (GRE)"]
[Black "Chilov Alexandros (GRE)"]
[Result "0-1"]
[WhiteElo "2228"]
[BlackElo "2261"]

1.d4 Nf6 2.c4 c6 3.Nc3 d5 4.Nf3 e6 5.Bg5 dxc4 6.a4 Bb4 7.e4 b5 8.e5 h6 9.Bh4
g5 10.Nxg5 hxg5 11.Bxg5 Nbd7 12.axb5 cxb5 13.exf6 Bb7 14.Qg4 Qb6 15.Be2 O-O-O
16.O-O Rdg8 17.d5 Nxf6 18.Bxf6 Rxg4 19.Bxg4 Rg8 20.h3 Bxc3 21.dxe6 Rxg4
22.hxg4 Qc6 23.f3 Bxf6 24.exf7 Bd4+ 25.Kh2 Qc7+ 26.f4 {#R} 0-1

[Event "Cup Mitropa"]
[Site "masterchessopen.com Baden (Switzerland)"]
[Round "5"]
[White "Balogh Tomas (SVK)"]
[Black "Jirovsky Milos (CZE)"]
[Result "1-0"]
[WhiteElo "2447"]
[BlackElo "2458"]

1.d4 d5 2.c4 e6 3.Nc3 c6 4.Nf3 Nf6 5.Bg5 dxc4 6.e4 b5 7.e5 h6 8.Bh4 g5 9.Nxg5
hxg5 10.Bxg5 Be7 11.exf6 Bxf6 12.Bxf6 Qxf6 13.g3 Na6 14.Bg2 Bb7 15.Nxb5 Nb4
16.Nd6+ Ke7 17.Nxc4 Rad8 18.Qb3 a5 19.Nxa5 Rxd4 20.O-O Ba6 21.Rfd1 Nd3
22.Nxc6+ Kd7 23.Nxd4 Qxf2+ 24.Kh1 Qxg3 25.Nf3 {#r} 1-0

[Event "Ch Lebanon"]
[Site "masterchessopen.com Beirut (Lebanon)"]
[Round "8"]
[White "Majed Ali (LIB)"]
[Black "Omar Hytham (LIB)"]
[Result "0-1"]
[WhiteElo "2240"]
[BlackElo "2106"]

1.d4 d5 2.c4 c6 3.Nf3 Nf6 4.Nc3 e6 5.Bg5 dxc4 6.e4 b5 7.e5 h6 8.Bh4 g5 9.Nxg5
hxg5 10.Bxg5 Nbd7 11.exf6 Bb7 12.h4 Qb6 13.Qg4 O-O-O 14.Rd1 Bh6 15.Ne4 c5
16.dxc5 Qa5+ 17.Bd2 Bxd2+ 18.Nxd2 Nxf6 19.Qf4 Ne4 20.f3 Rd4 21.b4 cxb3 22.Bd3
Rxd3 23.fxe4 bxa2 24.Ke2 Rhd8 25.Nb3 Rxb3 26.Rxd8+ Qxd8 {#R} 0-1

[Event "It (cat.7)"]
[Site "masterchessopen.com Budapest (Hungary)"]
[Round "5"]
[White "Jelen Igor (SLO)"]
[Black "Lukacs Peter (HUN)"]
[Result "0-1"]
[WhiteElo "2395"]
[BlackElo "2475"]

1.d4 d5 2.c4 c6 3.Nc3 Nf6 4.Nf3 e6 5.Bg5 dxc4 6.e4 b5 7.e5 h6 8.Bh4 g5 9.Nxg5
hxg5 10.Bxg5 Nbd7 11.exf6 Qa5 12.Be2 Bb7 13.O-O O-O-O 14.Qc2 Bh6 15.h4 c5
16.a4 Bxg5 17.hxg5 cxd4 18.Nxb5 Ne5 19.Bxc4 Kb8 20.Qe2 Nxc4 21.Qxc4 a6 22.Qc5
axb5 23.axb5 Rd5 {#R} 0-1

[Event "It (open)"]
[Site "masterchessopen.com Catalunia (Spain)"]
[Round "0"]
[White "Flores Linan Josep Luis (ESP)"]
[Black "Marques Antoni"]
[Result "0-1"]
[WhiteElo "1926"]
[BlackElo "2180"]

1.d4 Nf6 2.c4 e6 3.Nf3 d5 4.Nc3 c6 5.Bg5 dxc4 6.a4 Bb4 7.e3 b5 8.Ne5 Bb7
9.axb5 cxb5 10.Bxf6 Qxf6 11.Qc2 Nc6 12.Nxc6 Bxc6 13.b3 O-O 14.f3 e5 15.O-O-O
exd4 16.exd4 cxb3 17.Qxb3 Bxc3 18.Qxc3 Rfc8 19.Kb2 b4 20.Qb3 a5 21.Bc4 a4
22.Qa2 b3 23.Qa3 Bxf3 24.Rhf1 Rxc4 25.Rxf3 Qg6 {#R} 0-1

[Event "It (open)"]
[Site "masterchessopen.com Frankfurt (Germany)"]
[Round "5"]
[White "Mueller Achim (GER)"]
[Black "Rechel Ralf (GER)"]
[Result "0-1"]
[WhiteElo "1992"]
[BlackElo "2127"]

1.d4 d5 2.c4 e6 3.Nc3 c6 4.Nf3 Nf6 5.Bg5 dxc4 6.e4 b5 7.e5 h6 8.Bh4 g5 9.Nxg5
Nd5 10.Nxf7 Qxh4 11.Nxh8 Bb4 12.Rc1 c5 13.dxc5 Nd7 14.Be2 Nxe5 15.Bh5+ Ke7
16.Qe2 Nf4 17.Qe4 Nfd3+ {#R} 0-1

[Event "It (open)"]
[Site "masterchessopen.com Frankfurt (Germany)"]
[Round "5"]
[White "Uwira Oliver (GER)"]
[Black "Nogly Christoph (GER)"]
[Result "0-1"]
[WhiteElo "2129"]
[BlackElo "2273"]

1.d4 d5 2.c4 e6 3.Nc3 c6 4.Nf3 Nf6 5.Bg5 dxc4 6.e4 b5 7.e5 h6 8.Bh4 g5 9.Nxg5
hxg5 10.Bxg5 Nbd7 11.exf6 Qa5 12.g3 b4 13.Ne4 Ba6 14.b3 O-O-O 15.Qc2 Nb6
16.O-O-O e5 17.Be3 Bh6 18.Kb1 Bxe3 19.fxe3 Nd5 20.dxe5 Nxe3 21.Rxd8+ Rxd8
22.Bh3+ Kb8 23.Qf2 cxb3 24.Nd6 Bd3+ 25.Kc1 Qxe5 26.Kd2 Rxd6 {#R} 0-1

[Event "Ch Switzerland (w)"]
[Site "masterchessopen.com Graechen (Switzerland)"]
[Round "9"]
[White "Gruenenwald Evi (SUI)"]
[Black "Mira Helene (AUT)"]
[Result "0-1"]
[WhiteElo "2041"]
[BlackElo "2177"]

1.d4 d5 2.Nf3 Nf6 3.c4 e6 4.Nc3 c6 5.Bg5 dxc4 6.e4 b5 7.e5 h6 8.Bh4 g5 9.Nxg5
hxg5 10.Bxg5 Nbd7 11.exf6 Bb7 12.Be2 Qb6 13.O-O O-O-O 14.Qd2 Ne5 15.Qe3 Rxd4
16.Rfd1 c5 17.a4 Bd6 18.Nxb5 Rxh2 19.Nxd6+ Qxd6 20.Bf4 Rxg2+ 21.Kf1 Qd5 22.f3
Rxe2 23.Qxe2 Nxf3 {#R} 0-1